| 000 | 00370nam a22001097a 4500 | ||
|---|---|---|---|
| 005 | 20260629111043.0 | ||
| 245 | _aA Comparative Analysis of Saas and Pass Cloud Based E- Learning Platforms in Terms of Cost Effectiveness and Scalability (Thesis MS) | ||
| 260 |
_aNawabshah _bQUEST _c2025 |
||
| 300 | _a73p. | ||
| 700 |
_aDepartment of Computer Science _91007 |
||
| 942 | _cTHESIS | ||
| 999 |
_c69071 _d69068 |
||